000 00380nam a2200157Ia 4500
008 231217s9999 xx 000 0 und d
020 _a817881255X
041 _aEnglish
082 _a658 DAS;2 R1
100 _aDas, Naveen
245 0 _aManagement insights
260 _c2004
_bIcfai
_aHyderabad
300 _axiii, 161+A11
650 _aManagement,insights
942 _cAA
999 _c190694
_d190694